MARC details
| 000 -LEADER |
| fixed length control field |
03205nam a2200325 i 4500 |
| 003 - CONTROL NUMBER IDENTIFIER |
| control field |
CSPC |
| 005 - DATE AND TIME OF LATEST TRANSACTION |
| control field |
20260316163124.0 |
| 008 - FIXED-LENGTH DATA ELEMENTS--GENERAL INFORMATION |
| fixed length control field |
260316s2025 ph a b 000 0 eng d |
| 040 ## - CATALOGING SOURCE |
| Original cataloging agency |
CSPC |
| Language of cataloging |
eng |
| Transcribing agency |
CSPC |
| Description conventions |
rda |
| 090 ## - LOCALLY ASSIGNED LC-TYPE CALL NUMBER (OCLC); LOCAL CALL NUMBER (RLIN) |
| Classification number (OCLC) (R) ; Classification number, CALL (RLIN) (NR) |
UTH BSOA M366i 2025 |
| 100 1# - MAIN ENTRY--PERSONAL NAME |
| Personal name |
Martinez, Lailanie N., |
| Relator term |
author. |
| 245 14 - TITLE STATEMENT |
| Title |
The impact of flexible work arrangement on employee productivity in CSPC Buhi Campus / |
| Statement of responsibility, etc. |
Lailanie N. Martinez, Judge V. Nobleza, Ella Marie A. Oaquiera, and Noralyn C. Odiada. |
| 260 ## - PUBLICATION, DISTRIBUTION, ETC. |
| Place of publication, distribution, etc. |
Buhi, Camarines Sur : |
| Name of publisher, distributor, etc. |
Camarines Sur Polytechnic Colleges, |
| Date of publication, distribution, etc. |
2025. |
| 300 ## - PHYSICAL DESCRIPTION |
| Extent |
168 leaves. |
| 336 ## - CONTENT TYPE |
| Source |
rdacontent |
| Content type term |
text |
| 337 ## - MEDIA TYPE |
| Source |
rdamedia |
| Media type term |
unmediated |
| 338 ## - CARRIER TYPE |
| Source |
rdacarrier |
| Carrier type term |
volume |
| 502 ## - DISSERTATION NOTE |
| Dissertation note |
Undergraduate Thesis (BSOA)- Office Administration. |
| Name of granting institution |
Camarines Sur Polytechnic Colleges, 2025. |
| 504 ## - BIBLIOGRAPHY, ETC. NOTE |
| Bibliography, etc. note |
Includes bibliographical references. |
| 520 3# - SUMMARY, ETC. |
| Summary, etc. |
This study investigates the impact of Flexible Work Arrangements (FWAs) on the productivity of employees at Camarines Sur Polytechnic Colleges (CSPC)-Buhi Campus, as remote and hybrid work systems became widely adopted in the post-pandemic period prompting educational institutions like CSPC to assess how such arrangements influence employee performance, efficiency. and work-life balance. Utilizing a mixed-method research design, the study collected data from 25 teaching and non-teaching employees through validated survey questionnaires and semi-structured interviews, employing descriptive statistics to measure productivity indicators such as task accomplishment. punctuality, work quality, efficiency, and communication, while thematic analysis captured employee experiences regarding challenges and benefits of FWAs. Findings reveal that employees generally perceive FWAs as beneficial, particularly in reducing travel time, offering scheduling flexibility, and improving work-life balance; however, challenges such as unstable internet connectivity, distractions at home, limited supervision, communication barriers, and scare technological resources negatively affect productivity, with results also showing varying productivity levels across demographic profiles, although most respondents maintain respondents maintain satisfactory performance in flexible setups. The study emphasizes the need for institutional support, reliable digital infrastructure, clear communication protocols, and policy standardization to maximize productivity under FWAs, ultimately providing evidence-based insights that may guide CSPC administrators in refining flexible work policies tailored to the needs of provincial academic institutions while contributing to the growing body of literature on FWAs within rural public higher education settings in the Philippines. |
| 700 1# - ADDED ENTRY--PERSONAL NAME |
| Personal name |
Nobleza, Judge V., |
| Relator term |
author. |
| 700 1# - ADDED ENTRY--PERSONAL NAME |
| Personal name |
Oaquiera, Ella Marie A., |
| Relator term |
author. |
| 700 1# - ADDED ENTRY--PERSONAL NAME |
| Personal name |
Odiada, Noralyn C., |
| Relator term |
author. |
| 720 1# - ADDED ENTRY--UNCONTROLLED NAME |
| Name |
Adriano, Rolando B., |
| Relator term |
adviser. |
| 720 1# - ADDED ENTRY--UNCONTROLLED NAME |
| Name |
Infante, Leonisa O., |
| Relator term |
panelist, chair. |
| 720 1# - ADDED ENTRY--UNCONTROLLED NAME |
| Name |
Tañamor, Ma. Bernadette O., |
| Relator term |
panelist. |
| 720 1# - ADDED ENTRY--UNCONTROLLED NAME |
| Name |
Luzon, Niño Jeffrey L., |
| Relator term |
panelist. |
| 942 ## - ADDED ENTRY ELEMENTS (KOHA) |
| Source of classification or shelving scheme |
Dewey Decimal Classification |
| Suppress in OPAC |
No |
| Koha item type |
Unpublished Materials |
| Classification part |
M366i |
| Call number prefix |
UTH |
| Call number suffix |
2025 |